7X1910 (Registo nº 1219)

Detalhes MARC
000 -Etiqueta do registo
Cabeçalho 00791nam0a2200265 4500
005 - Identificador da versão
Campo de controlo 20240813121829.0
010 ## - Número internacional normalizado dos livros (ISBN)
Número (ISBN) 9789895577187
021 ## - Número do Depósito Legal
Código do país PT
Número 307 950/10
100 ## - Dados gerais de processamento
Dados gerais de processamento 20151009d2010 d y0pory5003 ba
102 ## - Pais de publicação ou produção
País de publicação Portugal
101 0# - Língua de publicação
Língua do texto, banda sonora, etc. Português
215 ## - Descrição física 
Indicação específica da natureza do documento e extensão da espécie 38 p
Outras indicações físicas il
200 1# - Titulo e menção de responsabilidade
Título próprio 7X1910
Informação de outro título histórias da República
Primeira menção de responsabilidade Margarida Fonseca Santos
Outras menções de responsabilidade il. Inês do Carmo
205 ## - Menção da edição
Menção da edição 1ª ed
210 ## - Publicação, Distribuição, etc. 
Lugar da edição, distribuição, etc. Alfragide
Nome do editor, distribuidor, etc. Gailivro
Data da publicação, distribuição, etc. 2010
606 ## - Nome comum usado como assunto
Número de registo de entrada de autoridade 0002610
Palavra de ordem História
Subdivisão de assunto Portugal
Subdivisão cronológica 1910
Código do sistema CA
Número de registo de entrada de autoridade 0002611
Palavra de ordem República
Subdivisão de assunto Portugal
Subdivisão cronológica 1910
Código do sistema CA
675 ## - Classificação Decimal Universal (CDU)
Notação 94(469)"1910"
Edição 3ª ed.
Língua da edição por
702 #1 - Nome de autor-pessoa física (responsabilidade secundária)
Número de registo de entrada de autoridade 0001669
Palavra de ordem Carmo
Outra parte do nome não tomada para palavra de ordem Inês do
Código de função Ilustrador / Técnico de desenho computorizado
700 #1 - Nome de autor-pessoa física (responsabilidade principal)
Número de registo de entrada de autoridade 0001667
Palavra de ordem Santos
Outra parte do nome não tomada para palavra de ordem Margarida Fonseca
Datas 1960-
966 ## - Identificação da Biblioteca
Sigla EB2,3ENM
942 ## - Elementos de entrada adicionados (Koha)
Tipo de item no Koha Livro
Exemplares
Situação do levantamento Origin of item (home branch) (coded) Biblioteca de empréstimo Código de barras Cota Circulation type (not for loan) Tipo de documento Nota do exemplar Damaged status
  Biblioteca Escolar Eng. Nuno Mergulhão Biblioteca Escolar Eng. Nuno Mergulhão BENM2400 94(469) SAN   Livro Sem mensagem